Vlastnosti, výroba a priemyselné použitie hliníkovej peny

Podrobná bibliografia
Hlavný autor: Bolibruchová, Dana (Autor)
Médium: Článok
Jazyk:slovenčina

MARC

LEADER 00000nab a2200000 a 4500
001 vtls011119454
003 SK-MaSNL
005 20260303145430.0
008 230222|2012 xo |||||||||||||||||slo|
015 |a SNBRB 
035 |a (uuid)eef45dad-c196-471b-add5-65cd55922d9d 
035 |a (urnnbn)urn:nbn:sk:snk:ar-a08ohi 
035 |a urn:nbn:sk:snk-ab9q32 
040 |a SNKBUCL  |b slo  |c SNKBUCL  |e AACR2 
041 0 |a slo 
044 |a xo  |c SK 
100 1 |a Bolibruchová, Dana  |4 aut  |9 41864 
245 1 0 |a Vlastnosti, výroba a priemyselné použitie hliníkovej peny  |c Dana Bolibruchová 
246 3 |a Properties, production, and industrial application of aluminum foam 
773 0 |t Technológ : časopis pre teóriu a prax mechanických technológií  |g Roč. 4, č. 2 (2012), s. 111-116 
954 |a odborná, vedecká literatúra pôvodná (slovenská)  |2 lita 
958 |a OND 
958 |a EUIPO 
958 |a article13 
999 |c 2002849  |d 2004779